[Event "Mecklenburg VP-ch Seniors op 08th"]
[Site "Plau am See"]
[Date "2008.10.12"]
[Round "7"]
[White "Pamperin, Gerhard"]
[Black "Kude, Klaus Peter"]
[Result "1-0"]
[WhiteElo "1803"]
[BlackElo "1665"]
[PlyCount "71"]
[EventDate "2008.10.06"]
[EventType "swiss"]
[EventRounds "9"]
[EventCountry "GER"]
[SourceTitle "EXT 2022"]
[Source "ChessBase"]
[SourceDate "2021.10.06"]
[SourceVersion "1"]
[SourceVersionDate "2021.10.06"]
[SourceQuality "1"]

1. d4 d5 2. c4 e6 3. Nc3 Nf6 4. Bg5 c6 5. e3 Nbd7 6. Nf3 dxc4 7. Bxc4 b5 8. Bd3 a6 9. 0-0 Bb7 10. Ne4 Be7 11. Rc1 Rc8 12. Bxf6 Nxf6 13. Nc5 Bxc5 14. dxc5 Qd5 15. Bb1 0-0 16. Qc2 Qd7 17. Ne5 Qc7 18. Ng4 Ne4 19. Qxe4 f5 20. Qxe6+ Kh8 21. Bxf5 Rce8 22. Qd7 Qb8 23. Qd3 h5 24. h3 hxg4 25. Bxg4 Bc8 26. Bxc8 Qxc8 27. Rcd1 Rd8 28. Qe4 Rde8 29. Qh4+ Kg8 30. Rd6 Qf5 31. Rxc6 Rxe3 32. Rxa6 Re4 33. Qg3 Qxc5 34. Rg6 Re7 35. Rg5 Qc2 36. Rxb5 1-0

[Event "Mecklenburg VP-ch Seniors op 08th"]
[Site "Plau am See"]
[Date "2008.10.06"]
[Round "1"]
[White "Mentel, Juergen"]
[Black "Kude, Klaus Peter"]
[Result "1-0"]
[WhiteElo "1984"]
[BlackElo "1665"]
[PlyCount "25"]
[EventDate "2008.10.06"]
[EventType "swiss"]
[EventRounds "9"]
[EventCountry "GER"]
[SourceTitle "EXT 2022"]
[Source "ChessBase"]
[SourceDate "2021.10.06"]
[SourceVersion "1"]
[SourceVersionDate "2021.10.06"]
[SourceQuality "1"]

1. e4 e5 2. d4 exd4 3. Qxd4 Nc6 4. Qe3 d6 5. Bd2 Nf6 6. Nc3 Be7 7. 0-0-0 0-0 8. f4 a6 9. h3 b5 10. g4 Bb7 11. g5 Nd7 12. Nd5 Na5 13. Bxa5 1-0

[Event "Niedersachsen-ch Seniors op 10th"]
[Site "Bad Bevensen"]
[Date "2007.07.11"]
[Round "9"]
[White "Kude, Klaus Peter"]
[Black "Nadenau, Oskar"]
[Result "1/2-1/2"]
[WhiteElo "1711"]
[BlackElo "1781"]
[PlyCount "53"]
[EventDate "2007.07.03"]
[EventType "swiss"]
[EventRounds "9"]
[EventCountry "GER"]
[SourceTitle "EXT 2022"]
[Source "ChessBase"]
[SourceDate "2021.10.06"]
[SourceVersion "1"]
[SourceVersionDate "2021.10.06"]
[SourceQuality "1"]

1. e4 c5 2. c3 g6 3. d4 Qa5 4. dxc5 Qxc5 5. Be3 Qc7 6. Nf3 Bg7 7. Nbd2 Nc6 8. Be2 Nf6 9. Nd4 0-0 10. 0-0 d6 11. f3 Bd7 12. N2b3 a6 13. Qd2 b5 14. Rad1 Ne5 15. Bf2 Nc4 16. Qc1 Rac8 17. Bxc4 bxc4 18. Nd2 Ba4 19. b3 cxb3 20. axb3 Bd7 21. c4 e5 22. Ne2 Be6 23. Be3 Nd7 24. Nc3 Nc5 25. Nd5 Bxd5 26. cxd5 Qb7 27. Qa3 1/2-1/2

[Event "Mecklenburg VP-ch Seniors op 06th"]
[Site "Plau am See"]
[Date "2006.10.12"]
[Round "9"]
[White "Paris, Gerhard"]
[Black "Kude, Klaus Peter"]
[Result "0-1"]
[WhiteElo "1594"]
[BlackElo "1780"]
[PlyCount "88"]
[EventDate "2006.10.04"]
[EventType "swiss"]
[EventRounds "9"]
[EventCountry "GER"]
[SourceTitle "EXT 2022"]
[Source "ChessBase"]
[SourceDate "2021.10.06"]
[SourceVersion "1"]
[SourceVersionDate "2021.10.06"]
[SourceQuality "1"]

1. e4 e5 2. Nf3 Nc6 3. Bc4 d6 4. d4 Be7 5. d5 Na5 6. Bd3 b6 7. Bd2 Nb7 8. b4 Nf6 9. c4 0-0 10. Nc3 a6 11. a4 Bg4 12. h3 Bh5 13. g4 Bg6 14. Nh4 a5 15. b5 Nc5 16. Be3 Bxe4 17. Nxe4 Nfxe4 18. Nf5 g6 19. Nh6+ Kg7 20. Bxe4 Nxe4 21. Qc2 Nc5 22. Ke2 Bg5 23. Nf5+ gxf5 24. Qxf5 Bxe3 25. Kxe3 Qf6 26. Qxf6+ Kxf6 27. f3 Kg6 28. Rhg1 h6 29. h4 Rg8 30. Ra3 Raf8 31. f4 exf4+ 32. Kxf4 Re8 33. h5+ Kf6 34. Rf1 Re4+ 35. Kg3+ Ke7 36. Raf3 Rgxg4+ 37. Kh2 Rh4+ 38. Rh3 Rxh3+ 39. Kxh3 Rxc4 40. Rg1 Rxa4 41. Rg7 Rf4 42. Rh7 Rf6 43. Kh4 Ne4 44. Rh8 Nc3 0-1

[Event "Mecklenburg VP-ch Seniors op 06th"]
[Site "Plau am See"]
[Date "2006.10.05"]
[Round "2"]
[White "Kude, Klaus Peter"]
[Black "Eberhard, Jean Marie"]
[Result "0-1"]
[WhiteElo "1780"]
[BlackElo "1652"]
[PlyCount "112"]
[EventDate "2006.10.04"]
[EventType "swiss"]
[EventRounds "9"]
[EventCountry "GER"]
[SourceTitle "EXT 2022"]
[Source "ChessBase"]
[SourceDate "2021.10.06"]
[SourceVersion "1"]
[SourceVersionDate "2021.10.06"]
[SourceQuality "1"]

1. e4 d6 2. d4 Nf6 3. Nc3 g6 4. Nf3 Bg7 5. Be2 0-0 6. h3 c6 7. Be3 b5 8. a3 Bb7 9. 0-0 a5 10. Nd2 Nbd7 11. f4 Qc7 12. Bf3 b4 13. Ne2 e5 14. f5 exd4 15. Bxd4 c5 16. Bf2 Ne5 17. axb4 Nxf3+ 18. gxf3 axb4 19. fxg6 fxg6 20. Rxa8 Rxa8 21. Nf4 Qf7 22. Bg3 g5 23. Nd3 Qe6 24. Kg2 Nh5 25. Bh2 Bc8 26. Nf2 Bxb2 27. Qe2 Ba6 28. Nd3 Bc8 29. Nxb2 Qxh3+ 30. Kg1 Ng3 31. Bxg3 Qxg3+ 32. Qg2 Qe5 33. Ndc4 Qd4+ 34. Kh1 Qf6 35. Rg1 h6 36. Rd1 Qc3 37. Kh2 Ba6 38. Rd3 Qe1 39. Rd1 Qc3 40. Rd3 Qe1 41. Rd1 Qc3 42. f4 Bxc4 43. Nxc4 Qxc4 44. fxg5 h5 45. e5 Qf4+ 46. Kh1 Qh4+ 47. Kg1 Ra3 48. Qd5+ Kh8 49. Rd3 Qxg5+ 50. Kf2 Rxd3 51. cxd3 Qxe5 52. Qa8+ Kg7 53. Qb7+ Kg6 54. Qg2+ Kh6 55. Qc6 b3 56. Qb6 Qf6+ 0-1

[Event "Bayern-ch Seniors 18th"]
[Site "Schloss Schney"]
[Date "2006.06.29"]
[Round "5"]
[White "Kude, Klaus Peter"]
[Black "Van Bellen, Hendrik"]
[Result "1-0"]
[WhiteElo "1757"]
[BlackElo "1731"]
[PlyCount "57"]
[EventDate "2006.06.25"]
[EventType "swiss"]
[EventRounds "9"]
[EventCountry "GER"]
[SourceTitle "EXT 2007"]
[Source "ChessBase"]
[SourceDate "2006.11.23"]
[SourceVersion "1"]
[SourceVersionDate "2006.11.23"]
[SourceQuality "1"]

1. e4 d6 2. d4 Nf6 3. Nc3 Nbd7 4. Nf3 e5 5. Bc4 h6 6. a3 a5 7. 0-0 Be7 8. h3 c6 9. dxe5 dxe5 10. Re1 Qc7 11. Bd2 Nf8 12. Nh4 g6 13. f4 Nh5 14. Bxf7+ Kxf7 15. Nxg6 Bc5+ 16. Kh2 Nxg6 17. Qxh5 Kg7 18. f5 Qf7 19. fxg6 Qxg6 20. Qxe5+ Qf6 21. Qxc5 b6 22. Qh5 Qd6+ 23. Kh1 Qxd2 24. Qe5+ Kh7 25. Rf1 Ra7 26. Rad1 Qxc2 27. Rf6 Rg8 28. g4 Rag7 29. Rxh6+ 1-0

[Event "Bayern-ch Seniors 18th"]
[Site "Schloss Schney"]
[Date "2006.06.27"]
[Round "3"]
[White "Philipp, Gerhard"]
[Black "Kude, Klaus Peter"]
[Result "0-1"]
[WhiteElo "1593"]
[BlackElo "1757"]
[PlyCount "132"]
[EventDate "2006.06.25"]
[EventType "swiss"]
[EventRounds "9"]
[EventCountry "GER"]
[SourceTitle "EXT 2007"]
[Source "ChessBase"]
[SourceDate "2006.11.23"]
[SourceVersion "1"]
[SourceVersionDate "2006.11.23"]
[SourceQuality "1"]

1. e4 e5 2. Nf3 Nc6 3. Bb5 a6 4. Ba4 Nf6 5. 0-0 b5 6. Bb3 Be7 7. d3 d6 8. Nc3 Na5 9. Re1 0-0 10. h3 h6 11. Nd5 Nxd5 12. exd5 Nxb3 13. axb3 f5 14. Bd2 Bb7 15. c4 c6 16. Ba5 Qd7 17. c5 Bf6 18. Bb4 cxd5 19. cxd6 e4 20. dxe4 fxe4 21. Nd4 Be5 22. Nc2 Rae8 23. Ne3 Bxd6 24. Nxd5 Re6 25. Kf1 Qf7 26. Re2 Rd8 27. Ne3 Bc7 28. Rd2 Rxd2 29. Qxd2 Rf6 30. Bc3 Rd6 31. Qe2 Bb6 32. Ng4 Qxb3 33. Be5 Re6 34. Rd1 Bc6 35. Ra1 Bd5 36. Kg1 h5 37. Rxa6 Bxf2+ 38. Nxf2 Rxa6 39. Qxh5 Bf7 40. Qg5 Rg6 41. Qd8+ Kh7 42. Qh4+ Rh6 43. Qxe4+ Bg6 44. Qb7 Qf7 45. Qxb5 Bf5 46. Bc3 Re6 47. Qb4 Re8 48. Qf4 Qg6 49. Kh2 Bd7 50. b4 Bc6 51. Qh4+ Kg8 52. Qc4+ Re6 53. Ng4 Qf5 54. Qd4 Qf8 55. Kg1 Rd6 56. Qc4+ Kh8 57. Ne3 Qe7 58. Qg4 Bd7 59. Qe2 Re6 60. Bd2 Qd6 61. Bc3 Qb6 62. Bd2 Qd4 63. Kh1 Bb5 64. Qxb5 Qxd2 65. Ng4 Re1+ 66. Kh2 Qf4+ 0-1

[Event "Brandenburg Seniors op 13th"]
[Site "Lindow/Mark"]
[Date "2005.09.13"]
[Round "7"]
[White "Kude, Klaus Peter"]
[Black "Mueller, Klaus2222"]
[Result "0-1"]
[WhiteElo "1760"]
[BlackElo "2054"]
[PlyCount "66"]
[EventDate "2005.09.07"]
[EventType "swiss"]
[EventRounds "9"]
[EventCountry "GER"]
[SourceTitle "EXT 2007"]
[Source "ChessBase"]
[SourceDate "2006.11.23"]
[SourceVersion "1"]
[SourceVersionDate "2006.11.23"]
[SourceQuality "1"]

1. e4 c5 2. c3 d5 3. exd5 Qxd5 4. d4 Nc6 5. Nf3 e6 6. Be2 cxd4 7. cxd4 Bb4+ 8. Nc3 Nf6 9. 0-0 Qd8 10. Be3 0-0 11. a3 Be7 12. Rc1 a6 13. Na4 Nd5 14. Bd2 Bf6 15. Be1 Nf4 16. Bc3 Nd5 17. Nc5 Nxc3 18. bxc3 Be7 19. Qc2 Bxc5 20. dxc5 Qe7 21. Bd3 h6 22. Rfe1 Qxc5 23. Re4 Bd7 24. Rce1 Rad8 25. Rc4 Qd6 26. Bh7+ Kh8 27. g4 b5 28. Rd1 Qe7 29. Rxc6 Bxc6 30. Rxd8 Rxd8 31. Ne5 Be8 32. Qe4 Qf6 33. f4 Qh4 0-1

[Event "Brandenburg-ch Seniors 12th"]
[Site "Lindow/Mark"]
[Date "2004.09.21"]
[Round "4"]
[White "Schenk, Dieter"]
[Black "Kude, Klaus Peter"]
[Result "1-0"]
[WhiteElo "1886"]
[BlackElo "1760"]
[PlyCount "60"]
[EventDate "2004.09.18"]
[EventType "swiss"]
[EventRounds "9"]
[EventCountry "GER"]
[SourceTitle "EXT 2006"]
[Source "ChessBase"]
[SourceDate "2005.11.24"]
[SourceVersion "1"]
[SourceVersionDate "2005.11.24"]
[SourceQuality "1"]

1. e4 e5 2. d4 exd4 3. Qxd4 Nc6 4. Qe3 d6 5. Bd2 Nf6 6. Nc3 Be6 7. 0-0-0 Be7 8. f4 Ng4 9. Qe1 0-0 10. Nf3 Nf6 11. f5 Bd7 12. Rg1 Ne5 13. Nxe5 dxe5 14. g4 Kh8 15. Qg3 Ne8 16. g5 Nd6 17. Qxe5 f6 18. Qg3 fxg5 19. h4 Bxf5 20. exf5 Nxf5 21. Qg4 Qd4 22. hxg5 Rad8 23. Bd3 Qxg4 24. Rxg4 Nd4 25. Rh1 Nf5 26. Bxf5 Rxf5 27. Rgh4 h6 28. Rg4 h5 29. Rxh5+ Kg8 30. Rh1 b5 1-0

[Event "Mecklenburg VP-ch Seniors 03rd"]
[Site "Plau am See"]
[Date "2003.10.06"]
[Round "1"]
[White "Wuestefeld, Dietfried"]
[Black "Kude, Klaus Peter"]
[Result "1-0"]
[WhiteElo "2180"]
[BlackElo "1760"]
[PlyCount "145"]
[EventDate "2003.10.??"]
[EventType "swiss"]
[EventRounds "9"]
[EventCountry "GER"]
[SourceTitle "EXT 2006"]
[Source "ChessBase"]
[SourceDate "2005.11.24"]
[SourceVersion "1"]
[SourceVersionDate "2005.11.24"]
[SourceQuality "1"]

1. d4 d5 2. c4 c6 3. e3 Nf6 4. Nc3 Nbd7 5. Nf3 e6 6. a3 Be7 7. Qc2 0-0 8. Be2 dxc4 9. Bxc4 Nb6 10. Bd3 h6 11. 0-0 Re8 12. e4 Bd7 13. Be3 Rc8 14. b4 Qc7 15. Qd2 Bf8 16. Rac1 Qd8 17. h3 Nh7 18. Ne2 Re7 19. g4 Be8 20. g5 hxg5 21. Nxg5 Nxg5 22. Bxg5 f6 23. Be3 g5 24. Ng3 Rg7 25. Qe2 Bd6 26. Kg2 Bf4 27. Rcd1 Rcc7 28. Qg4 Bd7 29. Qf3 Bc8 30. Nh5 Rg6 31. e5 f5 32. Nf6+ Kg7 33. Rg1 Nd5 34. Nh5+ Kf8 35. Kf1 Bxe3 36. fxe3 Rf7 37. Ke1 Ke7 38. e4 Nc3 39. Nf4 Rgg7 40. Rc1 Qxd4 41. Ne2 Nxe2 42. Kxe2 Qxe5 43. Rc5 Qh2+ 44. Rg2 Qd6 45. exf5 exf5 46. Qe3+ Qe6 47. Re5 f4 48. Rxe6+ Bxe6 49. Qc5+ Kd7 50. Rxg5 f3+ 51. Kf2 Bd5 52. Rxg7 Rxg7 53. Bf5+ Kc7 54. Bg4 b6 55. Qe3 Rf7 56. h4 Kd6 57. h5 c5 58. Qh6+ Ke5 59. Qg5+ Kd4 60. Qe3+ Kc4 61. bxc5 bxc5 62. h6 Kb5 63. Be6 Bxe6 64. Qxe6 Rh7 65. Qg6 Rxh6 66. Qxh6 a5 67. Kxf3 Ka4 68. Qc1 Kb3 69. Ke3 c4 70. Kd2 a4 71. Qc3+ Ka2 72. Qb4 Ka1 73. Kc3 1-0

[Event "Brandenburg-ch Seniors 11th"]
[Site "Lindow"]
[Date "2003.09.21"]
[Round "2"]
[White "Kude, Klaus Peter"]
[Black "Troeger, Rainer"]
[Result "0-1"]
[WhiteElo "1760"]
[BlackElo "2048"]
[PlyCount "114"]
[EventDate "2003.09.??"]
[EventType "swiss"]
[EventRounds "7"]
[EventCountry "GER"]
[SourceTitle "EXT 2006"]
[Source "ChessBase"]
[SourceDate "2005.11.24"]
[SourceVersion "1"]
[SourceVersionDate "2005.11.24"]
[SourceQuality "1"]

1. e4 g6 2. Nf3 Bg7 3. d4 d6 4. Nc3 c6 5. Be2 Nd7 6. 0-0 b5 7. a3 a6 8. Bf4 Bb7 9. Qd2 Qc7 10. Rfd1 e5 11. Be3 Ngf6 12. d5 c5 13. Ng5 h6 14. Ne6 fxe6 15. dxe6 Nf8 16. Qxd6 Qxd6 17. Rxd6 Ke7 18. Rb6 Nxe6 19. Rxb7+ Kd6 20. Rb6+ Ke7 21. Nd5+ Nxd5 22. exd5 Nd4 23. Bxd4 cxd4 24. Rxg6 Bf6 25. Bd3 Kf7 26. Rg3 Rac8 27. Be4 Ke7 28. Rb3 Rb8 29. Rd1 Rhc8 30. Kf1 Rg8 31. Rh3 Bg5 32. Rhd3 Rgc8 33. Rb3 a5 34. Re1 Rc4 35. Rh3 Rc5 36. Rh5 Rf8 37. Rh3 Kd6 38. Rb3 a4 39. Rh3 Rfc8 40. Rf3 Rxc2 41. Bxc2 Rxc2 42. Rb1 Kxd5 43. b3 Rc1+ 44. Rxc1 Bxc1 45. bxa4 bxa4 46. Rf6 Kc5 47. Ra6 Kb5 48. Re6 Bxa3 49. Rxe5+ Bc5 50. Ke2 Kc4 51. Kd1 d3 52. Re6 a3 53. Ra6 Kb5 54. Ra8 Bb4 55. f4 Ba5 56. Rb8+ Kc4 57. Rc8+ Kb3 0-1

[Event "GER North-ch Seniors 6th"]
[Site "Bad Bevensen"]
[Date "2003.06.21"]
[Round "1"]
[White "Kude, Klaus Peter"]
[Black "Schlag, Franz"]
[Result "0-1"]
[WhiteElo "1739"]
[BlackElo "2158"]
[PlyCount "90"]
[EventDate "2003.06.??"]
[EventType "swiss"]
[EventRounds "9"]
[EventCountry "GER"]
[SourceTitle "EXT 2006"]
[Source "ChessBase"]
[SourceDate "2005.11.24"]
[SourceVersion "1"]
[SourceVersionDate "2005.11.24"]
[SourceQuality "1"]

1. e4 Nc6 2. Nf3 Nf6 3. Nc3 d5 4. exd5 Nxd5 5. d4 Bf5 6. a3 a6 7. Be3 e6 8. Bd3 Nxe3 9. fxe3 Bg4 10. h3 Bh5 11. Qd2 Bd6 12. 0-0-0 Qe7 13. g4 Bg6 14. Bxg6 hxg6 15. d5 Ne5 16. dxe6 Qxe6 17. Ng5 Qc4 18. Qe1 0-0-0 19. Rd4 Qc6 20. Rf1 Rd7 21. Nce4 f6 22. Nxd6+ cxd6 23. Ne4 Rxh3 24. Qb4 Kb8 25. Rfd1 d5 26. Nc3 Rxe3 27. Nxd5 Re2 28. Nc3 Rxd4 29. Qxd4 Rg2 30. Qd8+ Ka7 31. Qd4+ Qb6 32. Qd5 Qf2 33. Qb3 Rg1 34. Qd5 Rxg4 35. Ne4 Qe3+ 36. Nd2 Nc4 37. Kb1 Nxd2+ 38. Rxd2 Rg1+ 39. Ka2 Re1 40. Rd3 Qe6 41. Qxe6 Rxe6 42. Rd7 f5 43. Kb1 f4 44. Rxg7 Rf6 45. Rh7 f3 0-1

[Event "Wuerttemberg-ch Seniors 14th"]
[Site "Ellwangen"]
[Date "2002.??.??"]
[Round "5"]
[White "Gretzer, Otmar"]
[Black "Kude, Klaus Peter"]
[Result "1-0"]
[WhiteElo "2070"]
[BlackElo "1713"]
[PlyCount "63"]
[EventDate "2002.03.30"]
[EventType "swiss"]
[EventRounds "9"]
[EventCountry "GER"]
[SourceTitle "EXT 2006"]
[Source "ChessBase"]
[SourceDate "2005.11.24"]
[SourceVersion "1"]
[SourceVersionDate "2005.11.24"]
[SourceQuality "1"]

1. e4 e5 2. Nf3 Nc6 3. d4 exd4 4. Bc4 Nf6 5. 0-0 Nxe4 6. Re1 d5 7. Bxd5 Qxd5 8. Nc3 Qd8 9. Nxe4 Be7 10. Bg5 0-0 11. Bxe7 Qxe7 12. Nxd4 Nxd4 13. Qxd4 Be6 14. Nc5 Rad8 15. Qc3 b6 16. Nxe6 fxe6 17. Re2 Rf6 18. Rae1 Kf7 19. Qh3 Rh6 20. Qf3+ Ke8 21. Qc6+ Kf7 22. f4 Qd6 23. Qf3 Qd5 24. Qa3 a5 25. f5 Qd6 26. fxe6+ Ke7 27. Rf2 Rf6 28. Rxf6 gxf6 29. Qh3 Qc5+ 30. Kh1 h5 31. Qg3 Rd2 32. Qg7+ 1-0